Central Library OPAC University of Rajshahi

Arabian journey and other desert travels / (Record no. 23130)

MARC details
000 -LEADER
fixed length control field 00940cam a22002771 4500
001 - CONTROL NUMBER
control field 23130
003 - CONTROL NUMBER IDENTIFIER
rucl marc code BD-RjUL
005 - DATE AND TIME OF LATEST TRANSACTION
control field 20211209000908.0
008 - FIXED-LENGTH DATA ELEMENTS--GENERAL INFORMATION
fixed length control field 140310s1950 enkbcf 000 0 eng d
035 ## - SYSTEM CONTROL NUMBER
System control number (BD-RjUL) 23195
System control number (OCoLC)360106
040 ## - CATALOGING SOURCE
Original cataloging agency Michigan. Univ. Libr.
Transcribing agency OAU
Modifying agency NcGU
-- Uk
-- DLC
-- BD-RjUL
Language of cataloging eng
041 ## - LANGUAGE CODE
Language code of text/sound track or separate title eng
082 04 - DEWEY DECIMAL CLASSIFICATION NUMBER
Classification number 915.3
Author mark and year DEA 1950
100 1# - MAIN ENTRY--PERSONAL NAME
Personal name De Gaury, Gerald.
9 (RLIN) 71318
245 10 - TITLE STATEMENT
Title Arabian journey and other desert travels /
Statement of responsibility, etc. With thirty-one plates from photos. by the author, three maps in the text, and an endpaper map.
260 ## - PUBLICATION, DISTRIBUTION, ETC. (IMPRINT)
Place of publication, distribution, etc. London :
Name of publisher, distributor, etc. Harrap,
Date of publication, distribution, etc. 1950.
300 ## - PHYSICAL DESCRIPTION
Pagination 190 p. :
Illustrations plates, ports., maps. ;
Size 21 cm.
504 ## - BIBLIOGRAPHY, ETC. NOTE
Bibliography, etc Includes bibliographies.
651 #0 - SUBJECT ADDED ENTRY--GEOGRAPHIC NAME
Geographic name Arabian Peninsula
General subdivision Description and travel.
9 (RLIN) 58777
Geographic name Iraq
General subdivision Description and travel.
9 (RLIN) 71319
Geographic name Kufra Oases (Libya)
9 (RLIN) 71320
942 ## - ADDED ENTRY ELEMENTS (KOHA)
Source of classification or shelving scheme Dewey Decimal Classification
Koha item type Books
Holdings
Lost status Source of classification or shelving scheme Damaged status Not for loan Collection code Permanent Location Current Location Shelving location Date acquired Source of acquisition Cost, normal purchase price Total Checkouts Full call number Date last seen Copy number Koha item type
  Dewey Decimal Classification   Added to bundle Non-fiction Central Library, University of Rajshahi Central Library, University of Rajshahi Reading Room 26/09/1966 Zeitlinger 9.60   915.3 DEA 1950 10/03/2014 C-1 Books